<?xml version='1.0' encoding='UTF-8'?>
  <record xmlns="http://www.loc.gov/MARC21/slim">
    <leader>00000ctm a22000007i 4500</leader>
    <controlfield tag="001">ocn965428847</controlfield>
    <controlfield tag="003">OCoLC</controlfield>
    <controlfield tag="005">20250414214820.6</controlfield>
    <controlfield tag="008">101020q12251250xx            000 0 lat d</controlfield>
    <datafield tag="040" ind1=" " ind2=" ">
      <subfield code="a">QGJ</subfield>
      <subfield code="b">dut</subfield>
      <subfield code="c">QGJ</subfield>
      <subfield code="d">OCLCL</subfield>
      <subfield code="d">OCLCQ</subfield>
    </datafield>
    <datafield tag="035" ind1=" " ind2=" ">
      <subfield code="a">(OCoLC)965428847</subfield>
    </datafield>
    <datafield tag="100" ind1="0" ind2=" ">
      <subfield code="a">Caesarius von Heisterbach,</subfield>
      <subfield code="d">ca. 1180-ca. 1240.</subfield>
    </datafield>
    <datafield tag="245" ind1="1" ind2="0">
      <subfield code="a">Dialogus miraculorum /</subfield>
      <subfield code="c">Caesarius von Heisterbach.</subfield>
      <subfield code="f">UBU Hs. 176.</subfield>
    </datafield>
    <datafield tag="260" ind1=" " ind2=" ">
      <subfield code="c">[ca. 1225-ca. 1250]</subfield>
    </datafield>
    <datafield tag="300" ind1=" " ind2=" ">
      <subfield code="a">144 fol. :</subfield>
      <subfield code="b">ill. ;</subfield>
      <subfield code="c">265 x 165/170 (205/210 x 126/129) mm.</subfield>
    </datafield>
    <datafield tag="336" ind1=" " ind2=" ">
      <subfield code="a">text</subfield>
      <subfield code="b">txt</subfield>
      <subfield code="2">rdacontent</subfield>
    </datafield>
    <datafield tag="337" ind1=" " ind2=" ">
      <subfield code="a">unmediated</subfield>
      <subfield code="b">n</subfield>
      <subfield code="2">rdamedia</subfield>
    </datafield>
    <datafield tag="338" ind1=" " ind2=" ">
      <subfield code="a">volume</subfield>
      <subfield code="b">nc</subfield>
      <subfield code="2">rdacarrier</subfield>
    </datafield>
    <datafield tag="340" ind1=" " ind2=" ">
      <subfield code="a">perkament</subfield>
      <subfield code="k">littera textualis.</subfield>
    </datafield>
    <datafield tag="500" ind1=" " ind2=" ">
      <subfield code="a">Bevat behalve Caesarii von Heisterbach Dialogi miraculorum libri 7-12 (fol. 1r-102r) ook: Commentarius in Lamentationes Jeremiae (fol. 102v-132v), Tractatus vel sermo de textu: Ibo michi ad montem myrre, et ad colles thuris (fol. 132v-134r), Tractatus de timore Dei, principio sapientiae (fol. 134r-144r), Tractatulus incipiens Fulcite me floribus (fol. 144r-144v).</subfield>
    </datafield>
    <datafield tag="500" ind1=" " ind2=" ">
      <subfield code="a">In deze Dialogus miraculorum ontbreekt De beatrice custode.</subfield>
    </datafield>
    <datafield tag="500" ind1=" " ind2=" ">
      <subfield code="a">Initialen in groen en rood.</subfield>
    </datafield>
    <datafield tag="500" ind1=" " ind2=" ">
      <subfield code="a">Op grond van het schrift (een vroege textualis) kan dit handschrift geschreven zijn in de Noordelijke Nederlanden of het westen van Duitsland.</subfield>
    </datafield>
    <datafield tag="500" ind1=" " ind2=" ">
      <subfield code="a">Illustrations: Gehistorieerde initiaal, penwerkinitialen met penwerkversiering.</subfield>
    </datafield>
    <datafield tag="524" ind1=" " ind2=" ">
      <subfield code="a">Te citeren als: Universiteitsbibliotheek Utrecht Hs. 176.</subfield>
    </datafield>
    <datafield tag="563" ind1=" " ind2=" ">
      <subfield code="a">Leren band over houten platten, blindgestempeld met twee diagonale tripellijnen in een door tripellijnen gevormd rechthoekig kader, bevestigingssporen van knoppen (op ieder plat vijf), twee klampsluitingen, klavieren. Gerestaureerd in 1992.</subfield>
    </datafield>
    <datafield tag="581" ind1=" " ind2=" ">
      <subfield code="a">[P.A. Tiele], Catalogus codicum manu scriptorum Bibliothecae Universitatis Rheno-Trajectinae. I. Trajecti ad Rhenum / Hagae Comitis 1887. p. 57-58.</subfield>
    </datafield>
    <datafield tag="581" ind1=" " ind2=" ">
      <subfield code="a">[A. Hulshof], Catalogus codicum manu scriptorum Bibliothecae Universitatis Rheno-Traiectinae. II. Traiecti ad Rhenum 1909. P. 23.</subfield>
    </datafield>
    <datafield tag="581" ind1=" " ind2=" ">
      <subfield code="a">Cisterciënzer ordeleven rond Assens oude abdij. Tent. cat. Assen 1959. Assen 1959. nr. 31.</subfield>
    </datafield>
    <datafield tag="581" ind1=" " ind2=" ">
      <subfield code="a">Handschriften en oude drukken van de Utrechtse Universiteitsbibliotheek. Catalogus bij de tentoonstelling in het Centraal Museum te Utrecht ter gelegenheid van het 400-jarig bestaan van de bibliotheek der Rijksuniversiteit, 1584-1984. Utrecht 1984. P. 54-56 nr. 13, afb. op p. 55.</subfield>
    </datafield>
    <datafield tag="581" ind1=" " ind2=" ">
      <subfield code="a">K. van der Horst, Illuminated and decorated medieval manuscripts in the University Library, Utrecht. An illustrated catalogue. Maarssen / 's-Gravenhage 1989. P. 4 nr. 8, afb. 51-54.</subfield>
    </datafield>
    <datafield tag="581" ind1=" " ind2=" ">
      <subfield code="a">J.L. van der Gouw, Everwach, de rentmeester van de bisschop van Utrecht: een verhaal uit het begin van de dertiende eeuw. Hilversum 1994. P. 54, 67-74 en nt. 161 (fol. 93r-v).</subfield>
    </datafield>
    <datafield tag="581" ind1=" " ind2=" ">
      <subfield code="a">J. van Moolenbroek, Mirakels historisch. De exempels van Caesarius van Heisterbach over Nederland en Nederlanders. Hilversum 1999. (= Middeleeuwse studies en bronnen 65). Afb. op p. 143, afb. op p. 184.</subfield>
    </datafield>
    <datafield tag="581" ind1=" " ind2=" ">
      <subfield code="a">B. Jaski, 'Een codicologische queeste naar de oudste handschriften en handschriftfragmenten uit de bibliotheek van de Paulusabdij', in: De nalatenschap van de Paulusabdij in Utrecht. Red. H. van Engen &amp; K. van Vliet. Hilversum 2012, p. 103-169 (= Middeleeuwse studies en bronnen 130). P. 127 nt. 109.</subfield>
    </datafield>
    <datafield tag="583" ind1=" " ind2=" ">
      <subfield code="a">Restauratierapport aanwezig.</subfield>
    </datafield>
    <datafield tag="655" ind1=" " ind2="7">
      <subfield code="a">Handschriften (vorm)</subfield>
      <subfield code="0">(NL-LeOCL)088143309.</subfield>
      <subfield code="2">gtt</subfield>
    </datafield>
    <datafield tag="710" ind1="2" ind2=" ">
      <subfield code="a">Regulierenklooster (Utrecht)</subfield>
      <subfield code="e">former owner.</subfield>
      <subfield code="4">fmo</subfield>
      <subfield code="5">NL-UtRU</subfield>
    </datafield>
    <datafield tag="740" ind1="0" ind2=" ">
      <subfield code="a">Commentarius in Lamentationes Jeremiae.</subfield>
    </datafield>
    <datafield tag="740" ind1="0" ind2=" ">
      <subfield code="a">Tractatus vel sermo de textu: Ibo michi ad montem myrre, et ad colles thuris.</subfield>
    </datafield>
    <datafield tag="740" ind1="0" ind2=" ">
      <subfield code="a">Tractatus de timore Dei, principio sapientiae.</subfield>
    </datafield>
    <datafield tag="740" ind1="0" ind2=" ">
      <subfield code="a">Tractatulus incipiens Fulcite me floribus.</subfield>
    </datafield>
    <datafield tag="758" ind1=" " ind2=" ">
      <subfield code="a">Dialogus miraculorum UBU Hs. 178 (Text)</subfield>
      <subfield code="1">https://id.oclc.org/worldcat/entity/E39PCGfYYfPM7vg4J8rHhYrkcK</subfield>
      <subfield code="4">https://id.oclc.org/worldcat/ontology/hasWork</subfield>
    </datafield>
    <datafield tag="856" ind1="4" ind2="1">
      <subfield code="u">http://objects.library.uu.nl/reader/resolver.php?obj=002326028&amp;type=2</subfield>
      <subfield code="x">Online</subfield>
      <subfield code="z">Full Text</subfield>
    </datafield>
    <datafield tag="936" ind1=" " ind2=" ">
      <subfield code="a">BATCHLOAD</subfield>
    </datafield>
  </record>